| 000 | 02286nam a22002417a 4500 | ||
|---|---|---|---|
| 999 |
_c9826 _d9826 |
||
| 003 | AR-CdUCM | ||
| 008 | 190328b ||||| |||| 00| 0 eng d | ||
| 040 |
_aMUNICIPALIDAD PROVINCIAL DEL CUSCO _cBIBLIOTECA MUNICIPAL DEL CUSCO |
||
| 082 |
_a500 / _bB88 / 1787 |
||
| 100 |
_aconde de Buffon, Georges Louis Leclerc _926291 |
||
| 245 |
_aHistoria Natural general y particular / _cescrita en francés por, Buffon ; traducida por D. Joseph Clavijo y Faxardo. |
||
| 260 |
_aMadrid : _bPor la Viuda de Ibarra, Hijos y Compañía, _c1787. |
||
| 300 |
_a12 tomos ; _bilustraciones, diagramas, cuadros, retratos, dibujos, mapas, laminas, _c20 cm. |
||
| 500 | _aFiligranas. Grabado xilográfico en portada. Letras capitales. Lomo con florón y tejuelo. Incluye citas y notas a pie de página. Guardas marmoleadas. Cantos entintados. Encuadernado en cuero. La biblioteca tiene el t. 5. | ||
| 505 | _aContenido: t.1: Genio de la naturaleza -- el padre eterno -- mapa del continente antiguo -- mapa del nuevo continene -- t.2: Desigualdad de la superficie de la tierra -- de los rios -- de los mares -- flujo -- desiualdades -- t.3: comparacion de los animales -- reproduccion en general -- nutricion y desarrollo -- animales -- exposicion de sistemas -- t.4: naturaleza del hombte -- pubertad -- gigantes -- enanos -- hombre en los diferentes climas -- vejez y la muerte -- t.5: verdades de la especie humana -- pueblos del norte -- color de los negros -- pigmeos de madagascar -- patagones -- t.6: probabilidades de la vida deñ hombre -- analogias y relaciones -- probabilidad de la tierra -- bautismos matrimonios -- estado de nacimientos-- t.7: Animales domesticos -- el caballo -- asno -- zebra -- el asno y la zebra -- t.8: el rey -- el bufalo -- cibolo y bisonte -- el zebu -- carnero -- t.9: el puerco de siam -- el perro -- variedades en los perros -- los animales silvestres -- el ciervo -- t.10: el lobo -- la zorra -- el texon -- la nutria -- la fuina -- la marta -- t.12: de la naturaleza -- el bermejizo -- el polatuca -- el pangolim y el fatagin... | ||
| 650 |
_aCiencias Naturales _910176 |
||
| 650 |
_aMamiferos _926292 |
||
| 650 |
_aEspaña _9176 |
||
| 650 |
_aAnatomia Humana _926293 |
||
| 700 |
_aClavijo y Faxardo, Joseph _926294 |
||
| 942 |
_2ddc _cLIBROS |
||
| 945 | _apjha | ||